| 000 | 00570nam a2200217Ia 4500 | ||
|---|---|---|---|
| 003 | OSt | ||
| 005 | 20230503104133.0 | ||
| 008 | 210423s2002 xx 000 0 und d | ||
| 020 | _a0-415-93950-x | ||
| 040 | _cAL | ||
| 041 | _aeng | ||
| 082 |
_a813.087620935 _223 _bATTD |
||
| 100 |
_aATTEBERY (Brian) _996617 |
||
| 245 | _aDecoding gender in science fiction | ||
| 260 |
_aLondon _bRoutledge _c2002 |
||
| 300 |
_axi,210 _bPB |
||
| 365 |
_b3610.97 _cGBP |
||
| 650 |
_aAmerican Fiction _996618 |
||
| 906 | _aDecoding ; fiction ; gender ; science | ||
| 942 |
_2ddc _cBK |
||
| 999 |
_c170830 _d170830 |
||